| 000 | 00609nam a22002057a 4500 | ||
|---|---|---|---|
| 003 | DO-SdBNP | ||
| 005 | 20171129155705.0 | ||
| 008 | 171108b 1981 sp a ||||| |||| 00| 0 spa d | ||
| 020 | _a8427806841 | ||
| 040 |
_aBPMSU _bspa _cBPMSU |
||
| 092 |
_axxxx _bxxxx |
||
| 245 | 0 | 0 | _aEnciclopedia de la vida natural. |
| 260 |
_aBarcelona : _bNauta, _c1981. |
||
| 300 |
_av. : _bil. ; _c20 cm. |
||
| 500 | _aLa biblioteca posee el v. 3 | ||
| 505 |
_gv.3 _t Cocina dietética y de régimen. |
||
| 942 |
_2ddc _cBK |
||
| 945 | _aInventariado extranjero / 2017 YL | ||
| 956 |
_aLOPEREZ _b10 _c20171108 _h00041 _iBPMSU |
||
| 999 |
_c12800 _d12800 |
||